Interrogating development : (Record no. 14687)

MARC details
000 -LEADER
fixed length control field 01623nam a22003137a 4500
001 - CONTROL NUMBER
control field ENG-90647
005 - DATE AND TIME OF LATEST TRANSACTION
control field 20070919114922.0
008 - FIXED-LENGTH DATA ELEMENTS--GENERAL INFORMATION
fixed length control field 080730t xxu||||| |||| 00| 0 eng d
010 ## - LIBRARY OF CONGRESS CONTROL NUMBER
LC control number ENG-90647
020 ## - INTERNATIONAL STANDARD BOOK NUMBER
International Standard Book Number 9780761935759 (paper back)
Terms of availability 270.00
035 ## - SYSTEM CONTROL NUMBER
System control number EN-74180
037 ## - SOURCE OF ACQUISITION
Source of stock number/acquisition DBAD / PUB
040 ## - CATALOGING SOURCE
Original cataloging agency DPL
082 ## - DEWEY DECIMAL CLASSIFICATION NUMBER
Classification number 362.87
100 ## - MAIN ENTRY--PERSONAL NAME
Personal name Hussain, Monirul,
245 ## - TITLE STATEMENT
Title Interrogating development :
Remainder of title state, displacement and popular resistance in North East India /
Statement of responsibility, etc by Monirul Hussain.
260 ## - PUBLICATION, DISTRIBUTION, ETC. (IMPRINT)
Place of publication, distribution, etc New Delhi
Name of publisher, distributor, etc SAGE Publications,
Date of publication, distribution, etc 2008
300 ## - PHYSICAL DESCRIPTION
Extent 174p.
Dimensions 21 cm.(pbk)
490 ## - SERIES STATEMENT
Series statement Sage series on North East India ; 1
500 ## - GENERAL NOTE
General note Includes bibliographical references and index.
505 ## - FORMATTED CONTENTS NOTE
Formatted contents note Introduction -- Imposing development : introducing the incomplete dossier of displacement -- Hard hitting reality : development-induced displacement of population in post-colonial Assam -- Dam, development, and displacement in North East India : resistance from the threatened -- Conclusion: New politics of development : interface between the state and the people.
650 ## - SUBJECT ADDED ENTRY--TOPICAL TERM
Topical term or geographic name as entry element Internally displaced persons
Geographic subdivision India
-- Assam
General subdivision Social conditions.
650 ## - SUBJECT ADDED ENTRY--TOPICAL TERM
Topical term or geographic name as entry element Ethnic conflict
Geographic subdivision India
-- Assam.
651 ## - SUBJECT ADDED ENTRY--GEOGRAPHIC NAME
Geographic name Assam (India)
General subdivision Social conditions.
651 ## - SUBJECT ADDED ENTRY--GEOGRAPHIC NAME
Geographic name India, Northeastern
General subdivision Ethnic relations.
942 ## - ADDED ENTRY ELEMENTS (KOHA)
Source of classification or shelving scheme Dewey Decimal Classification
Koha item type English Books
Classification part 362.87
Call number suffix HUS
Holdings
Withdrawn status Lost status Damaged status Not for loan Collection code Home library Current library Date acquired Source of acquisition Cost, normal purchase price Total Checkouts Full call number Barcode Date last seen Copy number Cost, replacement price Price effective from Koha item type
      Not For Loan Non-fiction D.B.Act.Division D.B.Act.Division 30/07/2008 DBAD / PUB 270.00   362.87 HUS EN-74180 15/09/2008 1 270.00 15/09/2008 English Books

© Delhi Public Library
Hit Counter
free hit counter